Council Speeches of Vatican II (Record no. 58416)
[ view plain ]
| 000 -LEADER | |
|---|---|
| fixed length control field | 00495nam a2200193Ia 4500 |
| 003 - CONTROL NUMBER IDENTIFIER | |
| control field | 0100 |
| 008 - FIXED-LENGTH DATA ELEMENTS--GENERAL INFORMATION | |
| fixed length control field | 130303s9999 xx 000 0 und d |
| 040 ## - CATALOGING SOURCE | |
| Transcribing agency | ARRUPELIB |
| 050 ## - LIBRARY OF CONGRESS CALL NUMBER | |
| Classification number | BX830.1962A2K95 1964 |
| 300 ## - PHYSICAL DESCRIPTION | |
| Other physical details | 19cm. |
| 245 ## - TITLE STATEMENT | |
| Title | Council Speeches of Vatican II |
| 260 ## - PUBLICATION, DISTRIBUTION, ETC. (IMPRINT) | |
| Place of publication, distribution, etc | New Jersey |
| 260 ## - PUBLICATION, DISTRIBUTION, ETC. (IMPRINT) | |
| Name of publisher, distributor, etc | Paulist Press |
| 260 ## - PUBLICATION, DISTRIBUTION, ETC. (IMPRINT) | |
| -- | 1964 |
| 300 ## - PHYSICAL DESCRIPTION | |
| Extent | 288p. |
| 650 ## - SUBJECT ADDED ENTRY--TOPICAL TERM | |
| Topical term following geographic name as entry element | Teilhard de Chardin, Pierre |
| 700 ## - ADDED ENTRY--PERSONAL NAME | |
| Personal name | Kung, Hans ;Congar, Yves ; O'Hanlon, Daniel (eds.) |
| 942 ## - ADDED ENTRY ELEMENTS (KOHA) | |
| Source of classification or shelving scheme | Library of Congress Classification |
| Koha issues (borrowed), all copies | 1 |
| Withdrawn status | Lost status | Source of classification or shelving scheme | Damaged status | Not for loan | Collection code | Home library | Current library | Shelving location | Date acquired | Total Checkouts | Full call number | Barcode | Date last seen | Date checked out | Copy number | Price effective from | Koha item type |
|---|---|---|---|---|---|---|---|---|---|---|---|---|---|---|---|---|---|
| Library of Congress Classification | Main Collection | ARRUPE LIBRARY | ARRUPE LIBRARY | 05/03/2013 | 2 | BX830.1962A2K95 1964 | 46003025872 | 22/11/2017 | 28/08/2017 | 1 | 05/03/2013 | Monograph ( Printed materials) |